Statistics for Countries Closest to Slovakia - One Minute Sprint

Click here to take the quiz!

General Stats

  • This quiz has been taken 82 times
    (48 since last reset)
  • The average score is 15 of 20

Answer Stats

kmcountrymiles% Correct
0Austria0
100%
0Czechia0
100%
0Hungary0
100%
0Poland0
100%
0Ukraine0
98%
224Germany139
95%
71Romania44
83%
142Slovenia88
83%
168Croatia104
81%
189Serbia118
76%
539Russia335
74%
304Italy189
71%
267Belarus166
69%
502Switzerland312
67%
497Bulgaria309
64%
282Bosnia and
Herzegovina
175
57%
527Kosovo328
50%
517Lithuania321
50%
321Moldova200
50%
468Montenegro291
40%

Score Distribution

Percentile by Number Answered

Percent of People with Each Score

Your Score History

You have not taken this quiz since the last reset